书目信息 |
| 题名: |
改革开放与大国治理
|
|
| 作者: | 姜义华 , 曹锦清 , 房宁 著 ;柯贵福 主编 | |
| 分册: | ||
| 出版信息: | 沈阳 辽宁人民出版社 2019 |
|
| 页数: | 238页 | |
| 开本: | 24cm | |
| 丛书名: | ||
| 单 册: | ||
| 中图分类: | D61 , D630.1 | |
| 科图分类: | ||
| 主题词: | 改革开放--研究--中国 , 国家--行政管理--研究--中国 | |
| 电子资源: | ||
| ISBN: | 978-7-205-09395-2 | |
| 000 | 01397nam0 2200301 450 | |
| 001 | 2250560761 | |
| 005 | 20220929140253.10 | |
| 010 | @a978-7-205-09395-2@dCNY48.00 | |
| 100 | @a20190406d2019 em y0chiy50 ea | |
| 101 | 0 | @achi |
| 102 | @aCN@b210000 | |
| 105 | @ay z 000yy | |
| 200 | 1 | @a改革开放与大国治理@9gai ge kai fang yu da guo zhi li@dReform and opening governance of the large state@f姜义华,曹锦清,房宁等著@zeng |
| 210 | @a沈阳@c辽宁人民出版社@d2019 | |
| 215 | @a238页@d24cm | |
| 300 | @a修远视野书系 02 | |
| 330 | @a本书主要围绕四个部分而展开:第一部分以“中国共产党的使命”为主题,收录《中华文明与中国共产党——写在中国共产党成立96年之际》一文。第二部分以“改革开放40年”为主题,收录《以文明的尺度回溯改革开放40年》《中国政治体制改革的历程与逻辑》《土地与工业化视野下的改革开放40年》等5篇文章。第三部分以“大国治道与治理现代化”为主题,收录《以制度研究推进话语体系重建——简论文明复兴与21世纪问题》《中国政治传统中的郡县制》等4篇文章等。 | |
| 510 | 1 | @aReform and opening governance of the large state@zeng |
| 606 | 0 | @a改革开放@x研究@y中国 |
| 606 | 0 | @a国家@x行政管理@x研究@y中国 |
| 690 | @aD61@v5 | |
| 690 | @aD630.1@v5 | |
| 701 | 0 | @a姜义华@9jiang yi hua@f(1939-)@4著 |
| 701 | 0 | @a曹锦清@9cao jin qing@f(1949-)@4著 |
| 701 | 0 | @a房宁@9fang ning@f(1957-)@4著 |
| 702 | 0 | @a柯贵福@9ke gui fu@4主编 |
| 801 | 0 | @aCN@b91MARC@c20190406 |
| 905 | @aZUCC@dD61@e130 | |
| 改革开放与大国治理=Reform and opening governance of the large state/姜义华,曹锦清,房宁等著.-沈阳:辽宁人民出版社,2019 |
| 238页;24cm |
| 修远视野书系 02 |
| ISBN 978-7-205-09395-2:CNY48.00 |
| 本书主要围绕四个部分而展开:第一部分以“中国共产党的使命”为主题,收录《中华文明与中国共产党——写在中国共产党成立96年之际》一文。第二部分以“改革开放40年”为主题,收录《以文明的尺度回溯改革开放40年》《中国政治体制改革的历程与逻辑》《土地与工业化视野下的改革开放40年》等5篇文章。第三部分以“大国治道与治理现代化”为主题,收录《以制度研究推进话语体系重建——简论文明复兴与21世纪问题》《中国政治传统中的郡县制》等4篇文章等。 |
| ● |
| 相关链接 |
|
|
|
正题名:改革开放与大国治理
索取号:D61/130
 
预约/预借
| 序号 | 登录号 | 条形码 | 馆藏地/架位号 | 状态 | 备注 |
| 1 | 2000906515 | 2000906515 | 第三书库/ [索取号:D61/130] | 在馆 | |
| 2 | 2000906516 | 2000906516 | 第三书库/ [索取号:D61/130] | 在馆 | |
| 3 | 2000906517 | 2000906517 | 第三书库/ [索取号:D61/130] | 在馆 |